SEV Voprosy i otvety

Salvato in:
Dettagli Bibliografici
Natura: Libro
Lingua:russo
Pubblicazione: Moskva Sovet Ekonomičeskoj Vzaimopomošči 1986
Tags: Aggiungi Tag
Nessun Tag, puoi essere il primo ad aggiungerne!!

MARC

LEADER 00000nam a2200000 4500
001 c022921
005 20250930115951.8
041 0 |a rus 
044 |a RU 
245 1 0 |a SEV  |b Voprosy i otvety 
264 1 |a Moskva  |b Sovet Ekonomičeskoj Vzaimopomošči  |c 1986 
300 |a 46 s.